| 000 | 00600nam a22001817a 4500 | ||
|---|---|---|---|
| 005 | 20251108164031.0 | ||
| 008 | 250721s1979 xx 000 0 ara d | ||
| 082 | 1 | 4 | _a320.956/طار |
| 100 | 1 | _aخوري، طارق | |
| 245 | 1 | 0 |
_aمن المبادرة إلى المعاهدة : _bتطورات الأحداث و ردود الفعل / |
| 264 | 1 |
_aعمان : _bمطابع المؤسسة الصحفية الأردنية، _c1979. |
|
| 300 | _a224ص | ||
| 650 | 1 | 7 | _aالعرب |
| 650 | 1 | 7 | _aالأحوال السياسية |
| 700 | 1 | _aبرمامت، محمد | |
| 942 |
_2ddc _cREF |
||
| 999 |
_c1953 _d1953 |
||